000 00967nam a22003017a 4500
001 0004168
003 KOHA_MİRAKIL
005 20260207001402.0
007 ta
008 120103b1999 tu |||gr||||#0|||0|tur |
020 _a9751611164
_c0,01
040 _aTR-BiSEU
_btur
_cTR-BiSEU
_erda
041 0 _atur
044 _ctu
050 _aDR589
_b.J86 1999
100 1 _aAl-Jumaily, Qassam Kh..
245 1 _aIrak ve Kemalizm hareketi (1919-1923)/
_cQassam Kh. Al-Jumaily ; Qassam Kh .Al-Jumail; İzzet Öztoprak.
264 1 _aAnkara :
_bAtatürk Kültür, Dil ve Tarih Yüksek Kurumu Atatürk Araştırma Merkezi
_c1999
300 _ax, 201 sayfa
336 _ametin
_btxt
_2rdacontent
337 _aaracısız
_bn
_2rdamedia
338 _acilt
_bnc
_2rdacarrier
650 0 _aTurkey--History--Revolution 1918-1923.
_910126
650 0 _aKemalism.
_97013
650 0 _aTürkiye--Tarih--Kurtuluş savaşı.
_910187
907 _aTarih
942 _2lcc
_cBK
999 _c4151
_d4151